| 000 | 01551nam a2200325 i 4500 | ||
|---|---|---|---|
| 999 |
_c65623 _d65623 |
||
| 001 | 768714001 | ||
| 003 | CO-MdFUSB | ||
| 005 | 20200605095334.0 | ||
| 007 | ta | ||
| 008 | 200402b ||||| |||| 00| 0 eng d | ||
| 020 | _a 9781565631809 | ||
| 040 |
_aCO-MdFUSB _bspa _cCO-MdFUSB _dCO-MdFUSBC _erda |
||
| 041 | _aeng | ||
| 082 |
_223 _a227.06 _bP726 |
||
| 100 |
_aPlevnik, Jože. _eautor |
||
| 245 | 1 |
_aPaul and the parousia : _ban exegetical and theological investigation _c/ Joseph Plevnik |
|
| 264 | 1 |
_aMassachusetts : _bHendrickson Publishers, _c[1997] |
|
| 264 | 4 | _c© 1997 | |
| 300 |
_a351 páginas _c; 24 cm |
||
| 336 |
_2rdacontent _atexto _btxt |
||
| 337 |
_2rdamedia _asin mediación _bn |
||
| 338 |
_2rdacarrier _avolumen _bnc |
||
| 500 | _aColección Dawn Christina Harrell | ||
| 505 | _aConceptos y términos de la venida del Señor. -- Las imágenes. -- La representación de la parusía en 1 Tesalonicenses 4: 13-18. -- Los tiempos y la temporada, 1 Tesalonicenses 5: 1-11. -- La resurrección en la venida de Cristo, 1 Corintios 15: 23-28. -- La transformación en la venida de Cristo, 1 Corintios 15: 50-55. -- El destino final, Filipenses 3: 20-21. -- Esperanza. -- La parusía de Cristo y el juicio - El conflicto en la parusía. -- Vivir con Cristo para siempre. -- La parusía de Cristo y la iglesia. -- La teología apocalíptica de Pablo. | ||
| 563 | _aRústico | ||
| 630 | 7 |
_aBiblia. _pEpístolas Paulinas _xCrítica, interpretación, etc. |
|
| 942 | _cBK | ||
| 945 |
_aJTF-925 _bAEM-53 |
||